| 000 | 00517nam a2200181 i 4500 | ||
|---|---|---|---|
| 001 | 141185 | ||
| 003 | ES-MaACL | ||
| 005 | 20230906200236.0 | ||
| 007 | t| | ||
| 008 | 070920s1971 sp ||||1| spa d | ||
| 100 | 1 |
_aVittorini, Elio. _9115531 |
|
| 245 | 1 | 4 |
_aLas ciudades del mundo / _cElio Vittorini ; [traducción de Sergio Pitol]. |
| 250 | _a[1ª ed.]. | ||
| 260 |
_a[Barcelona] : _bBarral, _c1971. |
||
| 300 |
_a377 p. ; _c20 cm. |
||
| 700 | 1 |
_aPitol, Sergio. _992416 |
|
| 852 |
_aES-MaACL _jC-39216 _bR.76793 |
||
| 999 |
_c141185 _d141185 |
||